[Event "POLFINAL MISTRZOSTW POLSKI JUNIOROW 2019 - C15"]
[Site "Ustron"]
[Date "1899-12-30"]
[Round "3.9"]
[White "Krasniewski, Szymon"]
[Black "Kopczynski, Alan"]
[Result "0-1"]
[WhiteTitle "I"]
[BlackTitle "II+"]
[WhiteElo "1662"]
[BlackElo "1501"]

1. e4 c5 2. Nf3 Nc6 3. d4 cxd4 4. Nxd4 Nf6 5. Nc3 g6 6. Be3 Bg7 7. Bc4 Qa5 8. O-O
d6 9. h3 O-O 10. Bb3 Bd7 11. Qd2 Nxd4 12. Bxd4 Nxe4 13. Qe3 Nxc3 14. Bxc3 Bxc3
15. bxc3 e6 16. Rfd1 d5 17. c4 Bc6 18. cxd5 exd5 19. Qg5 Qd8 20. Qd2 Re8 21. Qh6
Qf6 22. Rab1 Re2 23. Rf1 Rae8 24. Rbd1 Qe5 25. Qh4 Re4 26. Qh6 Qe6 27. Qd2 Re2
28. Qd4 Qe4 29. Qd3 Qxd3 30. Rxd3 Kg7 31. Kh2 h5 32. Rd4 R8e4 33. Rd3 a6 34. Kg1
b5 35. c3 Rb2 36. Bxd5 Bxd5 37. Rxd5 Rxa2 38. Rc5 Ree2 39. h4 Rec2 40. g3 Ra3
41. Rc6 Rcxc3 42. Rxc3 Rxc3 43. Ra1 Rc6 0-1

[Event "POLFINAL MISTRZOSTW POLSKI JUNIOROW 2019 - C15"]
[Site "Ustron"]
[Date "1899-12-30"]
[Round "3.10"]
[White "Zielinski, Sebastian"]
[Black "Strepikowski, Pawel"]
[Result "0-1"]
[WhiteTitle "II+"]
[BlackTitle "I"]
[WhiteElo "1517"]
[BlackElo "1649"]

1. e4 c5 2. Nf3 a6 3. c3 d6 4. d4 cxd4 5. cxd4 Nf6 6. Nc3 g6 7. Bc4 Bg7 8. h3 O-O
9. O-O b5 10. Bd3 Bb7 11. a3 Nbd7 12. Re1 Nb6 13. b3 Rc8 14. Bb2 Nfd7 15. Qe2
e5 16. d5 f5 17. Rad1 fxe4 18. Bxe4 Qe7 19. h4 Bf6 20. h5 Kg7 21. Qe3 gxh5 22.
Bc1 Kh8 23. Bf5 Bg5 24. Nxg5 Rxf5 25. Ne6 Nxd5 26. Nxd5 Qxe6 27. Nb6 Rg8 28. g3
Rf3 0-1

[Event "POLFINAL MISTRZOSTW POLSKI JUNIOROW 2019 - C15"]
[Site "Ustron"]
[Date "1899-12-30"]
[Round "3.11"]
[White "Mocko, Maciej"]
[Black "Werner, Kacper"]
[Result "0-1"]
[WhiteTitle "II"]
[BlackTitle "II"]
[WhiteElo "1459"]
[BlackElo "1573"]

1. e4 c5 2. c3 d5 3. exd5 Qxd5 4. d4 Nc6 5. Nf3 Bg4 6. Bb5 cxd4 7. Bxc6+ Qxc6 8.
cxd4 Bxf3 9. gxf3 Nf6 10. Nc3 e6 11. O-O Be7 12. Kh1 O-O 13. Rg1 Kh8 14. Be3 Rac8
15. Rg3 Rg8 16. Qd3 Qc4 17. Qc2 b5 18. a3 a5 19. Qd2 b4 20. axb4 axb4 21. Ne4
Qc2 22. Rc1 Qxc1+ 23. Qxc1 Rxc1+ 24. Bxc1 Rc8 25. Rg1 Rc2 26. Kg2 Nd5 27. Re1
b3 28. Nd2 Nf4+ 29. Kg3 Nd3 30. Re3 Bd6+ 31. Kg2 Nf4+ 32. Kg1 Rxc1+ 33. Nf1 g6
34. Rxb3 Ne2+ 35. Kg2 Nxd4 36. Rd3 Nf5 37. Nd2 Rc2 38. Ne4 Be5 39. b3 Kg7 40.
Nd2 Rc3 41. Rd7 Rc2 42. Rd3 Rc3 43. Rd7 Bf4 44. Ne4 Rxb3 45. Kh3 h6 46. Nc5 Rb6
47. Nd3 Bd6 48. Kg2 Rb3 49. Nc1 Rc3 50. Ne2 Rc2 51. Nd4 Nxd4 52. Rxd6 Nf5 53.
Ra6 Rc3 54. Ra4 g5 55. f4 gxf4 56. Rxf4 Kg6 57. Ra4 e5 58. Re4 f6 59. Rg4+ Kf7
60. Ra4 h5 61. f3 Kg6 62. h4 Nd4 63. f4 Kf5 64. fxe5 fxe5 65. Ra5 Re3 66. Kf2
Rh3 67. Ra1 Rxh4 68. Kg3 Rg4+ 69. Kf2 h4 70. Rh1 Kf4 71. Rh3 e4 72. Ra3 Nf3 73.
Ra8 e3+ 74. Ke2 Rg2+ 75. Kd3 Rd2+ 76. Kc3 e2 77. Rf8+ Kg4 78. Rxf3 e1=Q 0-1

[Event "POLFINAL MISTRZOSTW POLSKI JUNIOROW 2019 - C15"]
[Site "Ustron"]
[Date "1899-12-30"]
[Round "3.12"]
[White "Kosior, Jan"]
[Black "Kossowski, Pawel"]
[Result "0-1"]
[WhiteTitle "II"]
[BlackTitle "II+"]
[WhiteElo "1565"]
[BlackElo "1541"]

1. e4 e5 2. Nf3 Nc6 3. Bb5 a6 4. Ba4 Nf6 5. O-O Be7 6. Re1 b5 7. Bb3 d6 8. h3 Na5
9. d4 exd4 10. e5 dxe5 11. Nxe5 O-O 12. Bd2 b4 13. a3 Bb7 14. Bxf7+ Rxf7 15. Nxf7
Kxf7 16. Bxb4 Bxb4 17. axb4 Nc4 18. Nd2 Nxd2 19. Qxd2 Qd6 20. c3 dxc3 21. Qxd6
cxd6 22. bxc3 Nd5 23. Ra3 Rc8 24. Rd1 Ke6 25. Re1+ Kd7 26. Rc1 Nf4 27. Kh2 Ne2
28. Rc2 Nd4 29. Rc1 Nb5 30. Rb3 Bd5 31. Rb2 Rxc3 32. Rd1 Bf7 33. Re1 Rc8 34. Ra1
Rc6 35. Re2 d5 36. Re3 d4 37. Rg3 g6 38. Rf3 Ke7 39. Re1+ Re6 40. Rc1 Rd6 41.
Rd3 g5 42. Re1+ Kd7 43. Re5 h6 44. Rd1 d3 45. Ree1 Bg6 46. Rd2 Rc6 47. Re3 Rc2
48. Rd1 Rxf2 49. Kg1 Rf4 50. Rde1 Rd4 51. Re7+ Kc6 52. Rc1+ Kb6 53. Rc8 Rd6 54.
Rb8+ Kc6 55. Rc8+ Kd5 56. Rc5+ Kd4 57. Kf2 Nc3 58. Ke1 Ne4 59. Ree5 Nxc5 0-1

[Event "POLFINAL MISTRZOSTW POLSKI JUNIOROW 2019 - C15"]
[Site "Ustron"]
[Date "1899-12-30"]
[Round "3.14"]
[White "Kopestynski, Michal"]
[Black "Wieczorek, Karol"]
[Result "1/2-1/2"]
[WhiteTitle "II"]
[BlackTitle "I"]
[WhiteElo "1248"]
[BlackElo "1549"]

1. e4 e5 2. Nf3 Nc6 3. Bc4 Bc5 4. b4 Bb6 5. a4 a6 6. c3 Nf6 7. d3 d6 8. Be3 Bxe3
9. fxe3 Be6 10. Nbd2 O-O 11. O-O d5 12. exd5 Nxd5 13. Bxd5 Qxd5 14. d4 Bg4 15.
e4 Qd6 16. d5 Ne7 17. Nc4 Qh6 18. Ncxe5 Qe3+ 19. Kh1 Qxe4 20. Nxg4 Qxg4 21. Ne5
Qe4 22. Nd7 Rfd8 23. Re1 Qxd5 24. Rxe7 Rxd7 25. Qxd5 Rxd5 26. Rxc7 Rad8 27. h3
R5d7 28. Rxd7 Rxd7 29. b5 g6 30. c4 Rc7 31. Rc1 Rc5 32. Kg1 Kg7 33. Kf2 Kf6 34.
Ke3 axb5 1/2-1/2

[Event "POLFINAL MISTRZOSTW POLSKI JUNIOROW 2019 - C15"]
[Site "Ustron"]
[Date "1899-12-30"]
[Round "3.15"]
[White "Kitewski, Bartosz"]
[Black "Jedrzejczak, Michal"]
[Result "0-1"]
[WhiteTitle "I"]
[BlackTitle "II"]
[WhiteElo "1674"]
[BlackElo "1434"]

1. d4 Nf6 2. c4 g6 3. Nc3 Bg7 4. e4 d6 5. Nf3 O-O 6. Be2 e5 7. O-O Nc6 8. d5 Ne7
9. Ne1 Nd7 10. Be3 f5 11. f3 f4 12. Bf2 g5 13. Nd3 Nf6 14. c5 Ng6 15. cxd6 cxd6
16. Rc1 Rf7 17. Nb5 a6 18. Na3 b5 19. Rc3 h5 20. Qc2 g4 21. Rc1 Bd7 22. Nb4 g3
23. hxg3 fxg3 24. Bxg3 h4 25. Bf2 Qf8 26. Rc7 Bh6 27. Rd1 Nf4 28. Bxh4 Qg7 29.
Bf1 Nh3+ 30. Kh2 Bf4+ 31. g3 Bxg3+ 32. Bxg3 Qh6 33. Rxd7 Ng4+ 34. fxg4 Nf2+ 35.
Kg2 Qh1# 0-1

[Event "POLFINAL MISTRZOSTW POLSKI JUNIOROW 2019 - C15"]
[Site "Ustron"]
[Date "1899-12-30"]
[Round "3.16"]
[White "Sawicki, Wojciech"]
[Black "Gardian, Adam"]
[Result "1-0"]
[WhiteTitle "II"]
[BlackTitle "I"]
[WhiteElo "1439"]
[BlackElo "1835"]

1. d4 d5 2. g3 Nf6 3. Bg2 c6 4. Nf3 Bf5 5. O-O h6 6. c4 e6 7. Nc3 Nbd7 8. Nd2 Be7
9. e4 dxe4 10. Ndxe4 O-O 11. b3 Nxe4 12. Nxe4 Nf6 13. Nc3 Qa5 14. Ne2 Rfd8 15.
Bd2 Qb6 16. Qe1 a5 17. Bc3 a4 18. Nc1 axb3 19. c5 Qb5 20. axb3 Rxa1 21. Bxa1 Nd5
22. Bxd5 Rxd5 23. Qe3 e5 24. Ne2 Bg5 25. f4 exf4 26. Nxf4 Bh3 27. Qe8+ Kh7 28.
Nxh3 Bf6 29. Qe4+ Kg8 30. Nf4 Rd8 31. Nh5 Bg5 32. Qe5 f6 33. Qe7 Be3+ 34. Qxe3
Qxf1+ 35. Kxf1 Ra8 36. Bc3 Ra2 37. Qe7 1-0

[Event "POLFINAL MISTRZOSTW POLSKI JUNIOROW 2019 - C15"]
[Site "Ustron"]
[Date "1899-12-30"]
[Round "3.17"]
[White "Zakrzewicz, Kacper"]
[Black "Kozubek, Krystian"]
[Result "1/2-1/2"]
[WhiteTitle "II"]
[BlackTitle "II+"]
[WhiteElo "1394"]
[BlackElo "1545"]

1. e4 c6 2. d4 d5 3. Nc3 dxe4 4. Nxe4 Bf5 5. Ng3 Bg6 6. h4 h6 7. Nf3 Nd7 8. h5
Bh7 9. Bd3 Bxd3 10. Qxd3 e6 11. Bd2 Qc7 12. O-O-O O-O-O 13. Ne4 Ngf6 14. Nxf6
Nxf6 15. Qe2 c5 16. dxc5 Bxc5 17. Ne5 Bd6 18. Nc4 Nd5 19. Ba5 b6 20. Nxd6+ Rxd6
21. Be1 Rc6 22. g3 Kb7 23. Kb1 Rc8 24. Rc1 Rc4 25. b3 Rc6 26. Rh4 a6 27. Ra4 b5
28. Rg4 f5 29. Rd4 f4 30. c4 fxg3 31. fxg3 Nf6 32. Qf3 Kb8 33. g4 Qb7 1/2-1/2

[Event "POLFINAL MISTRZOSTW POLSKI JUNIOROW 2019 - C15"]
[Site "Ustron"]
[Date "1899-12-30"]
[Round "3.18"]
[White "Malik, Maciej"]
[Black "Kukorowski, Wojciech"]
[Result "1-0"]
[WhiteTitle "I"]
[BlackTitle "II"]
[WhiteElo "1522"]
[BlackElo "1371"]

1. d4 d5 2. b3 Bg4 3. Bb2 Nc6 4. Nd2 Qd7 5. Ngf3 f6 6. e3 e5 7. dxe5 fxe5 8. h3
Bxf3 9. Nxf3 e4 10. Nd4 Nge7 11. Be2 Nxd4 12. Bxd4 h5 13. Bxh5+ Kd8 14. Bg4 Nf5
15. O-O Qf7 16. c4 Bd6 17. c5 Be7 18. Qe2 c6 19. b4 Rh4 20. g3 Rh7 21. b5 Kd7
22. bxc6+ Kxc6 23. Rab1 Nxd4 24. exd4 a6 25. Qb2 Bd8 26. Qb3 Rh6 27. Qa4+ Kc7
28. Qa5+ Kb8 29. Qxd8+ Ka7 30. Qd7 Qxd7 31. Bxd7 Rd8 32. Bg4 Re8 33. Rfe1 Rf6
34. Re3 Ref8 35. Rb2 g6 36. Reb3 R8f7 37. Rb6 Rxb6 38. Rxb6 Re7 39. Re6 Rg7 40.
Re5 b6 41. c6 Rc7 42. Bd7 b5 43. Rxd5 Kb6 44. Rc5 a5 45. Rc2 b4 46. d5 Kb5 47.
d6 e3 48. dxc7 exf2+ 49. Kxf2 b3 50. axb3 a4 51. c8=Q axb3 52. Qb7+ Ka4 53. c7+
Ka3 54. c8=Q bxc2 55. Qca8# 1-0

[Event "POLFINAL MISTRZOSTW POLSKI JUNIOROW 2019 - C15"]
[Site "Ustron"]
[Date "1899-12-30"]
[Round "3.19"]
[White "Sloniec, Adrian"]
[Black "Zurawski, Mateusz"]
[Result "1/2-1/2"]
[WhiteTitle "II"]
[BlackTitle "II"]
[WhiteElo "1383"]
[BlackElo "1522"]

1. e4 e6 2. d4 d5 3. e5 c5 4. c3 Nc6 5. Nf3 Qb6 6. a3 Bd7 7. b4 cxd4 8. cxd4 Rc8
9. Be3 Nge7 10. Bd3 Nf5 11. Bxf5 exf5 12. Nbd2 Be7 13. O-O f4 14. Bxf4 Nxd4 15.
Be3 Nxf3+ 16. Nxf3 Qg6 17. Qxd5 Bc6 18. Qd1 a6 19. Kh1 Rd8 20. Qb1 Be4 21. Qb2
Qf5 22. Nd2 Bxg2+ 23. Kxg2 Rxd2 24. Qxd2 Qg4+ 25. Kh1 Qf3+ 26. Kg1 Qg4+ 27. Kh1
Qf3+ 28. Kg1 Qg4+ 29. Kh1 Qf3+ 30. Kg1 Qg4+ 1/2-1/2

[Event "POLFINAL MISTRZOSTW POLSKI JUNIOROW 2019 - C15"]
[Site "Ustron"]
[Date "1899-12-30"]
[Round "3.20"]
[White "Celebias, Filip"]
[Black "Wleklik, Mateusz"]
[Result "1/2-1/2"]
[WhiteTitle "II"]
[BlackTitle "II"]
[WhiteElo "1470"]
[BlackElo "1259"]

1. e4 c5 2. b3 d6 3. Bb5+ Bd7 4. Bxd7+ Qxd7 5. Bb2 Nf6 6. d3 g6 7. Nf3 Bg7 8. O-O
O-O 9. Re1 Nc6 10. a4 a6 11. Nc3 e6 12. d4 cxd4 13. Nxd4 Nxd4 14. Qxd4 Rac8 15.
Qd2 Rfd8 16. Rad1 Qc6 17. Qc1 d5 18. e5 Ng4 19. Qg5 Nh6 20. Re2 Nf5 21. g4 h6
22. Qf4 Nh4 23. Rd3 g5 24. Qg3 Ng6 25. Bc1 d4 26. Na2 Qd7 27. c3 Qe7 28. Rxd4
Rd7 29. f4 Qc5 30. Be3 Rxd4 31. Bxd4 gxf4 1/2-1/2

[Event "POLFINAL MISTRZOSTW POLSKI JUNIOROW 2019 - C15"]
[Site "Ustron"]
[Date "1899-12-30"]
[Round "3.21"]
[White "Wolny, Dawid"]
[Black "Labedz, Dawid"]
[Result "0-1"]
[WhiteTitle "II"]
[BlackTitle "II"]
[WhiteElo "1343"]
[BlackElo "1468"]

1. e4 c5 2. Nf3 Nc6 3. d4 cxd4 4. Nxd4 g6 5. c4 Bg7 6. Be3 a6 7. Be2 e6 8. Nc3
Nge7 9. Qd2 d5 10. exd5 exd5 11. cxd5 Nb4 12. Bh6 Bxd4 13. Qxd4 Nc2+ 0-1

[Event "POLFINAL MISTRZOSTW POLSKI JUNIOROW 2019 - C15"]
[Site "Ustron"]
[Date "1899-12-30"]
[Round "3.22"]
[White "Szafranski, Maciej"]
[Black "Komisarski, Jerzy"]
[Result "1/2-1/2"]
[WhiteTitle "II+"]
[BlackTitle "II"]
[WhiteElo "1412"]
[BlackElo "1251"]

1. e4 c6 2. d4 d5 3. Nc3 dxe4 4. Nxe4 Bf5 5. Ng3 Bg6 6. h4 h6 7. Nf3 Nd7 8. h5
Bh7 9. Bd3 Bxd3 10. Qxd3 e6 11. Bd2 Ngf6 12. O-O-O Be7 13. Kb1 O-O 14. Ne4 Nxe4
15. Qxe4 Nf6 16. Qe2 Qd5 17. Qe5 Qxe5 18. Nxe5 Rfd8 19. Be3 Nd5 20. c3 Nxe3 21.
fxe3 Bf6 22. Nf3 Rac8 23. e4 Kf8 24. Rhe1 c5 25. d5 exd5 26. exd5 c4 27. Rd2 Rc5
28. Red1 Bg5 29. Nxg5 hxg5 30. Kc2 Ke7 31. b3 Kd6 32. b4 Rc7 33. a4 Rcd7 34. Rd4
1/2-1/2

[Event "POLFINAL MISTRZOSTW POLSKI JUNIOROW 2019 - C15"]
[Site "Ustron"]
[Date "1899-12-30"]
[Round "4.1"]
[White "Topola, Rafal"]
[Black "Budzisz, Adrian"]
[Result "1-0"]
[WhiteTitle "I"]
[BlackTitle "I"]
[WhiteElo "1659"]
[BlackElo "1842"]

1. e4 c5 2. Nf3 e6 3. d4 cxd4 4. Nxd4 a6 5. Bd3 Nf6 6. O-O d6 7. a4 Qc7 8. Nd2
Nbd7 9. a5 Be7 10. N2b3 Nc5 11. Qe2 O-O 12. Nxc5 dxc5 13. Nb3 e5 14. Nd2 Be6 15.
Nc4 Rad8 16. f3 Nd7 17. Be3 Nb8 18. Qf2 Rfe8 19. Ra3 Rd4 20. Bxd4 cxd4 21. Ra4
Nc6 22. Qd2 Bc5 23. Kh1 Rc8 24. Rb1 Bb4 25. Rxb4 Nxb4 26. Nb6 Qc5 27. Nxc8 Bxc8
28. Ra1 Nc6 29. Ra4 Qd6 30. Bc4 Bd7 31. Ra3 Qc5 32. Bd5 Qb5 33. Qc1 Nxa5 34. Qa1
b6 35. h3 Qc5 36. c3 dxc3 37. Rxc3 Qd6 38. Qa2 Be6 39. Bxe6 fxe6 40. Qa4 Qd8 41.
b4 Nb7 42. Qxa6 Nd6 43. Rc6 Kf7 44. Qxb6 Qxb6 45. Rxb6 Ke7 46. Ra6 Nc8 47. Kg1
Kd7 48. Kf2 1-0

[Event "POLFINAL MISTRZOSTW POLSKI JUNIOROW 2019 - C15"]
[Site "Ustron"]
[Date "1899-12-30"]
[Round "4.2"]
[White "Kietrys, Maciej"]
[Black "Majewski, Krzysztof"]
[Result "0-1"]
[WhiteTitle "I"]
[BlackTitle "I"]
[WhiteElo "1656"]
[BlackElo "1800"]

1. e4 e6 2. d4 d5 3. Nd2 dxe4 4. Nxe4 Nd7 5. Nf3 Ngf6 6. Bg5 Be7 7. Bxf6 Nxf6 8.
Nxf6+ Bxf6 9. c3 Bd7 10. Bd3 Bc6 11. Qe2 Qd7 12. O-O-O O-O-O 13. Rhe1 Qd5 14.
Kb1 Qa5 15. Ne5 Bxe5 16. Qxe5 Qxe5 17. Rxe5 g6 18. g3 Rd5 19. Rde1 Rxe5 20. Rxe5
Re8 21. Kc2 Kd7 22. f4 f6 23. Re2 Kd6 24. Be4 Bxe4+ 25. Rxe4 h5 26. Re3 Rh8 27.
h3 Rg8 28. Kd3 g5 29. fxg5 Rxg5 30. Ke4 b6 31. Rf3 c6 32. a3 a6 33. b3 Rg6 34.
Kf4 Rg5 35. Ke4 Kd7 36. Kd3 c5 37. Ke4 Ke7 38. dxc5 bxc5 39. Rd3 Re5+ 40. Kf4
c4 41. bxc4 Rc5 42. Re3 Rxc4+ 43. Re4 Rxc3 44. Ra4 Rc6 45. g4 hxg4 46. hxg4 Kf7
47. Kg3 Kg6 48. Kh4 e5 49. Re4 Re6 50. Kg3 Kg5 51. Kf3 Rc6 52. Ra4 Re6 53. Re4
Re7 54. Ke3 Re6 55. Kf3 Kh4 56. Kg2 Rd6 57. Ra4 Rc6 58. Kf3 Re6 59. Re4 Rd6 60.
Ra4 Kg5 61. Kg3 Rd4 62. Rxa6 Rxg4+ 63. Kf3 e4+ 64. Ke3 f5 65. a4 Rg3+ 66. Ke2
Ra3 67. Ra8 Kf4 68. a5 Ra2+ 69. Ke1 Ke3 70. Kf1 f4 71. a6 f3 72. Kg1 Ke2 0-1

[Event "POLFINAL MISTRZOSTW POLSKI JUNIOROW 2019 - C15"]
[Site "Ustron"]
[Date "1899-12-30"]
[Round "4.3"]
[White "Lenart, Jakub"]
[Black "Haliniak, Wojciech"]
[Result "0-1"]
[WhiteTitle "I"]
[BlackTitle "I"]
[WhiteElo "1629"]
[BlackElo "1756"]

1. d4 d5 2. c4 c6 3. cxd5 cxd5 4. Nc3 Nc6 5. Nf3 Bg4 6. e3 e6 7. a3 Nf6 8. h3 Bh5
9. Qa4 Nd7 10. Bd2 Bd6 11. Nb5 Be7 12. Rc1 O-O 13. Be2 a6 14. Nc3 b5 15. Qd1 Na5
16. O-O Nc4 17. Qb3 Bxf3 18. Bxc4 dxc4 19. Qc2 Bb7 20. f4 f5 21. Kf2 Nf6 22. Rg1
Ne4+ 23. Nxe4 Bxe4 24. Qd1 Rf6 25. g3 Rh6 26. Qf1 Qe8 27. h4 Rxh4 28. gxh4 Bxh4+
29. Rg3 Qh5 30. Qd1 Qg6 31. Qg1 Qg4 0-1

[Event "POLFINAL MISTRZOSTW POLSKI JUNIOROW 2019 - C15"]
[Site "Ustron"]
[Date "1899-12-30"]
[Round "4.4"]
[White "Wasik, Mateusz"]
[Black "Gradalski, Olaf"]
[Result "1-0"]
[WhiteTitle "I"]
[BlackTitle "II"]
[WhiteElo "1696"]
[BlackElo "1542"]

1. e4 e6 2. d4 d5 3. e5 c5 4. c3 Nc6 5. Nf3 Bd7 6. Be2 f6 7. O-O fxe5 8. dxe5 Qc7
9. Re1 Nge7 10. Bf4 Ng6 11. Bg3 c4 12. b3 cxb3 13. axb3 Bc5 14. b4 Bb6 15. Na3
Nce7 16. Nb5 Bxb5 17. Bxb5+ Kf8 18. Ng5 Qc8 19. c4 h6 20. Qf3+ Nf5 21. Nxe6+ Qxe6
22. cxd5 Qf7 23. e6 Qf6 24. Bd3 Ngh4 25. e7+ Kf7 26. Bxh4 Nxh4 27. Qxf6+ gxf6
28. d6 Ng6 29. Bxg6+ Kxg6 30. d7 Kf7 31. Rad1 Bc7 32. e8=Q+ Rhxe8 33. dxe8=Q+
Rxe8 34. Rd7+ 1-0

[Event "POLFINAL MISTRZOSTW POLSKI JUNIOROW 2019 - C15"]
[Site "Ustron"]
[Date "1899-12-30"]
[Round "4.5"]
[White "Dalkowski, Rafal"]
[Black "Werner, Kacper"]
[Result "1-0"]
[WhiteTitle "II+"]
[BlackTitle "II"]
[WhiteElo "1787"]
[BlackElo "1573"]

1. d4 Nf6 2. c4 g6 3. Nc3 Bg7 4. e4 d6 5. f3 e5 6. d5 Nbd7 7. Be3 O-O 8. Qd2 Qe7
9. O-O-O a6 10. Kb1 Nc5 11. g4 Bd7 12. Nge2 b5 13. Ng3 Rfb8 14. h4 bxc4 15. Bxc4
Rb4 16. Qe2 a5 17. h5 Ne8 18. hxg6 hxg6 19. a3 Rb7 20. Qh2 Kf8 21. Bh6 f6 22.
Be3 Na4 23. Nxa4 Bxa4 24. Rd2 Rab8 25. Rc1 Qd7 26. Qe2 Bb5 27. Bxb5 Qxb5 28. Qxb5
Rxb5 29. Rc3 Ke7 30. Ne2 Ra8 31. Ka2 Ra6 32. Rdc2 f5 33. g5 f4 34. Bf2 Bf8 35.
Rc6 Ra8 36. Nc3 Rb7 37. a4 Kd7 38. Nb5 Be7 39. Bg1 Bf8 40. Bf2 Be7 41. Rc1 Kd8
42. Rh1 Bf8 43. Ka3 Bg7 44. b4 axb4+ 45. Kxb4 Rab8 46. Kc4 Ra8 47. Ra1 Kd7 48.
a5 Bf8 49. a6 Rbb8 50. Kb4 Be7 51. a7 Rb7 52. Ka5 Kc8 53. Ka6 Ng7 54. Rh1 Nh5
55. Rhc1 1-0

[Event "POLFINAL MISTRZOSTW POLSKI JUNIOROW 2019 - C15"]
[Site "Ustron"]
[Date "1899-12-30"]
[Round "4.6"]
[White "Jedrusik, Adam"]
[Black "Czarniecki, Pawel"]
[Result "1-0"]
[WhiteTitle "I"]
[BlackTitle "II+"]
[WhiteElo "1743"]
[BlackElo "1561"]

1. d4 d5 2. Bg5 Nf6 3. Bxf6 exf6 4. c4 Bf5 5. Nc3 Bb4 6. e3 O-O 7. Nge2 c6 8. Qb3
Qa5 9. cxd5 cxd5 10. a3 Nc6 11. Rc1 Bxc3+ 12. Nxc3 Rfe8 13. Be2 Ne7 14. O-O Rab8
15. Rfd1 a6 16. Bf3 Red8 17. h3 h6 18. Ne2 b6 19. Nc3 Bd7 20. Qa2 b5 21. b4 Qb6
22. Nxd5 Nxd5 23. Bxd5 Be6 24. Bxe6 fxe6 25. Rc5 Rbc8 26. Rdc1 Rxc5 27. Rxc5 Kf8
28. Qc2 Ke7 29. Rc6 Qb8 30. Qc5+ Kd7 31. Rxa6 Rc8 32. Ra7+ Rc7 33. Rxc7+ Qxc7
34. Qxc7+ Kxc7 35. e4 f5 36. f3 g5 37. g4 f4 38. Kf2 Kc6 39. Ke2 Kd6 40. Kd3 Kc6
41. Kc3 Kd6 42. Kb3 Kc6 43. a4 Kb6 44. axb5 Kxb5 45. Kc3 Kb6 46. Kc4 Kc6 47. d5+
Kd6 48. dxe6 Kxe6 49. Kd4 Kd6 50. e5+ Ke6 51. b5 Ke7 52. b6 Kd7 53. b7 Kc7 54.
e6 Kc6 55. e7 Kxb7 56. e8=Q Kc7 57. Kc5 Kb7 58. Qc6+ Kb8 59. Qd7 Ka8 60. Kb6 Kb8
61. Qb7# 1-0

[Event "POLFINAL MISTRZOSTW POLSKI JUNIOROW 2019 - C15"]
[Site "Ustron"]
[Date "1899-12-30"]
[Round "4.7"]
[White "Kossowski, Pawel"]
[Black "Skawinski, Szymon"]
[Result "1-0"]
[WhiteTitle "II+"]
[BlackTitle "I"]
[WhiteElo "1541"]
[BlackElo "1715"]

1. e4 e5 2. Nf3 Nc6 3. Bc4 Bc5 4. c3 Nf6 5. d3 O-O 6. O-O d5 7. exd5 Nxd5 8. b4
Be7 9. h3 Nb6 10. Bb3 Bf5 11. Bc2 f6 12. Qe2 Kh8 13. b5 Nb8 14. Be3 N8d7 15. Nh4
Be6 16. c4 f5 17. Nf3 Bf6 18. Nbd2 Nc8 19. Rad1 Ne7 20. Nb3 b6 21. d4 e4 22. Ng5
Bxg5 23. Bxg5 h6 24. d5 Bf7 25. Bd2 Nc8 26. Bb4 Nd6 27. Nd4 Qf6 28. f3 exf3 29.
Qxf3 Ne5 30. Qg3 Bh5 31. Rde1 f4 32. Qc3 Rf7 33. Ne6 Nexc4 34. Qd3 g5 35. Bc3
Kg8 36. Bxf6 Rxf6 37. Qh7# 1-0

[Event "POLFINAL MISTRZOSTW POLSKI JUNIOROW 2019 - C15"]
[Site "Ustron"]
[Date "1899-12-30"]
[Round "4.8"]
[White "Strepikowski, Pawel"]
[Black "Pieczulis, Blazej"]
[Result "1-0"]
[WhiteTitle "I"]
[BlackTitle "I"]
[WhiteElo "1649"]
[BlackElo "1443"]

1. e4 c6 2. d4 g6 3. f4 Bg7 4. Nf3 d5 5. e5 Bg4 6. Nbd2 e6 7. h3 Bxf3 8. Nxf3 Nd7
9. Bd3 Ne7 10. Be3 Qc7 11. Bf2 a6 12. c3 c5 13. Qd2 Rb8 14. g4 b5 15. Bh4 Nb6
16. O-O c4 17. Bc2 Nbc8 18. Rae1 O-O 19. Nh2 Rb6 20. Kh1 a5 21. Rg1 b4 22. f5
f6 23. exf6 Bxf6 24. Bxf6 Rxf6 25. g5 Rf7 26. fxe6 Rf8 27. Ng4 Nd6 28. Nf6+ Kg7
29. Qh2 Rb7 30. Qe5 Nc6 31. Qxd5 Rb5 32. Qg2 Rb7 33. Qg3 Ne8 34. Qxc7+ Rxc7 35.
d5 Nb8 36. e7 Rh8 37. d6 Ra7 38. Ba4 Nxd6 39. e8=Q Nxe8 40. Nxe8+ Kf8 41. Rgf1+
Rf7 42. Rxf7+ Kxf7 43. Nd6+ Kg7 44. Re7+ Kf8 45. Ra7 bxc3 46. bxc3 Kg8 47. Ra8
Kg7 48. Ra7+ Kf8 49. Bb5 Rg8 50. Rf7# 1-0

[Event "POLFINAL MISTRZOSTW POLSKI JUNIOROW 2019 - C15"]
[Site "Ustron"]
[Date "1899-12-30"]
[Round "4.9"]
[White "Jedrzejczak, Michal"]
[Black "Jozefczyk, Szymon"]
[Result "0-1"]
[WhiteTitle "II"]
[BlackTitle "II"]
[WhiteElo "1434"]
[BlackElo "1616"]

1. d4 Nf6 2. Nf3 d6 3. c4 c5 4. d5 b5 5. cxb5 a6 6. e3 Nbd7 7. Nc3 g6 8. a4 axb5
9. Bxb5 Bg7 10. O-O Ba6 11. Bxa6 Rxa6 12. Qe2 Qb6 13. e4 O-O 14. Bd2 Rfa8 15.
Ra2 Ne8 16. Nh4 Qb3 17. Rfa1 Ne5 18. Qb5 Rb6 19. Qxb3 Rxb3 20. Nb5 Nc4 21. Bc3
Nxb2 22. Bxg7 Kxg7 23. Rb1 Rxb5 24. axb5 Rxa2 25. b6 Ra6 26. b7 Rb6 0-1

[Event "POLFINAL MISTRZOSTW POLSKI JUNIOROW 2019 - C15"]
[Site "Ustron"]
[Date "1899-12-30"]
[Round "4.10"]
[White "Kopczynski, Alan"]
[Black "Malik, Maciej"]
[Result "1/2-1/2"]
[WhiteTitle "II+"]
[BlackTitle "I"]
[WhiteElo "1501"]
[BlackElo "1522"]

1. e4 d6 2. d4 Nf6 3. Nc3 c6 4. f4 g6 5. Nf3 Bg7 6. Bd3 O-O 7. O-O b5 8. e5 Ne8
9. Qe2 e6 10. a3 d5 11. Be3 Nd7 12. Nd1 a6 13. c3 Qc7 14. b4 Nb6 15. Nb2 Qd7 16.
g4 f5 17. Qg2 Nc4 18. Nxc4 dxc4 19. Bc2 Nc7 20. a4 Bb7 21. Bd2 Nd5 22. a5 Rac8
23. g5 Qf7 24. Qg3 Rc7 25. Rf2 Rd8 26. h4 Bf8 27. Rh2 Rdd7 28. Kf2 Qe8 29. Rah1
Rg7 30. h5 Ne7 31. hxg6 Nxg6 32. Nh4 Nxh4 33. Rxh4 c5 34. R1h2 cxb4 35. cxb4 c3
36. Be3 Bxb4 37. Rh6 Bd5 38. Qh4 Qe7 39. Qg3 Qe8 40. Qh4 Qe7 41. Qg3 Qe8 42. Qh4
Qe7 43. Rf6 Ba3 44. g6 b4 45. Qg5 hxg6 46. Qh6 Rh7 47. Qxg6+ Rg7 48. Qh6 Rh7 49.
Qg6+ Rg7 1/2-1/2

[Event "POLFINAL MISTRZOSTW POLSKI JUNIOROW 2019 - C15"]
[Site "Ustron"]
[Date "1899-12-30"]
[Round "4.11"]
[White "Wieczorek, Karol"]
[Black "Owoc, Jakub"]
[Result "1-0"]
[WhiteTitle "I"]
[BlackTitle "I"]
[WhiteElo "1549"]
[BlackElo "1668"]

1. e4 c6 2. Ne2 d5 3. e5 Bf5 4. Ng3 Bg6 5. h4 h6 6. h5 Bh7 7. e6 fxe6 8. d4 Qb6
9. Bd3 Bxd3 10. Qxd3 Na6 11. Qg6+ Kd7 12. Ne2 Nf6 13. Nbc3 Rd8 14. O-O Nc7 15.
Bf4 Kc8 16. Rfe1 Nd7 17. Bxc7 Qxc7 18. Qxe6 Qd6 19. Ng3 Qxe6 20. Rxe6 Nf6 21.
Nce2 Kc7 22. Nf4 Rd6 23. Re2 Nd7 24. Ne6+ Rxe6 25. Rxe6 Nf6 26. Rae1 Rh7 27. f3
Kd7 28. R6e5 b6 29. Nf1 Ne8 30. g4 Nc7 31. f4 e6 32. f5 exf5 33. Rxf5 Be7 34.
Rf7 Ne6 35. Ng3 Ke8 36. Rf3 Nxd4 37. Rfe3 g5 38. hxg6 Rg7 39. Nh5 Nxc2 40. Nxg7+
Kf8 41. Rxe7 Nxe1 42. Rxe1 Kxg7 43. Re6 c5 44. Kf2 d4 45. Rc6 Kg8 46. Kf3 Kg7
47. Kf4 Kf8 48. Rc7 a5 49. g7+ Kg8 50. Kf5 Kh7 51. Kf6 d3 52. Rc8 d2 53. Rh8#
1-0

[Event "POLFINAL MISTRZOSTW POLSKI JUNIOROW 2019 - C15"]
[Site "Ustron"]
[Date "1899-12-30"]
[Round "4.12"]
[White "Kotula, Pawel"]
[Black "Sawicki, Wojciech"]
[Result "1-0"]
[WhiteTitle "I"]
[BlackTitle "II"]
[WhiteElo "1619"]
[BlackElo "1439"]

1. e4 e5 2. Nf3 Nc6 3. Bc4 Nf6 4. d4 Nxe4 5. dxe5 d6 6. Bxf7+ Kxf7 7. Qd5+ Be6
8. Qxe4 h6 9. Nc3 d5 10. Qf4+ Kg8 11. Bd2 Be7 12. O-O Kh7 13. Ne2 Rf8 14. Qe3
Kh8 15. Nf4 Bf7 16. e6 Be8 17. Bc3 Kg8 18. Rad1 Bc5 19. Qxc5 Rxf4 20. Rxd5 Qe7
21. Qxe7 Nxe7 22. Re5 Nc6 23. Re3 Rf5 24. Rfe1 Rd8 25. Be5 Nxe5 26. Nxe5 Rd2 27.
R3e2 Rxe2 28. Rxe2 Rf4 29. f3 Rd4 30. Kf2 g5 31. c3 Rd6 32. Nc4 Rd5 33. Ne3 Rc5
34. c4 Kg7 35. b3 c6 36. g4 Re5 37. Nf5+ Kf6 38. Rxe5 Kxe5 39. Ng7 Bg6 40. e7
Kf6 41. e8=Q Bxe8 42. Nxe8+ Ke7 43. Ng7 Kf6 44. Nf5 h5 45. Nd6 hxg4 46. fxg4 b6
47. Nc8 b5 48. cxb5 cxb5 49. Nxa7 1-0

[Event "POLFINAL MISTRZOSTW POLSKI JUNIOROW 2019 - C15"]
[Site "Ustron"]
[Date "1899-12-30"]
[Round "4.13"]
[White "Nowak, Maciej"]
[Black "Kopestynski, Michal"]
[Result "1-0"]
[WhiteTitle "II"]
[BlackTitle "II"]
[WhiteElo "1564"]
[BlackElo "1248"]

1. d4 Nf6 2. c4 g6 3. Nc3 Bg7 4. e4 O-O 5. f3 d6 6. Nge2 e5 7. d5 Nbd7 8. Be3 a6
9. Ng3 Re8 10. Be2 Nf8 11. O-O c6 12. Qd2 cxd5 13. cxd5 b5 14. b4 Bb7 15. a4 bxa4
16. Nxa4 N8d7 17. Rfc1 Rc8 18. b5 Rxc1+ 19. Rxc1 axb5 20. Bxb5 Qb8 21. Bc6 Qa8
22. Nb6 Nxb6 23. Bxe8 Nbxd5 24. Bxf7+ Kxf7 25. exd5 Nxd5 26. Qb2 Bc6 27. Ra1 Qc8
28. Ne4 Qc7 29. Ra7 1-0